| 000 | 01467nam a2200313 i 4500 | ||
|---|---|---|---|
| 001 | 768714001 | ||
| 003 | CO-MdFUSB | ||
| 005 | 20240930153114.0 | ||
| 007 | ta | ||
| 008 | 170516t1978 sp |||| |||| 00| 0 spa d | ||
| 020 | _a84-301-0715-0 | ||
| 040 |
_aCO-MdFUSB _bspa _cCO-MdFUSB _dCO-MdFUSBC _erda |
||
| 041 | 0 | _aspa | |
| 082 | 0 | 4 |
_a220.6 _223 _bK19 |
| 100 | 1 |
_aKäsemann, Ernst _eautor |
|
| 245 | 0 |
_aEnsayos exegéticos _c/ Ernst Käsemann ; traducido por Ramón Fernández |
|
| 264 | 1 |
_aSalamanca, España : _bSígueme, _c[1978] |
|
| 264 | 4 | _c©1978 | |
| 300 |
_a299 páginas _c; 21 cm |
||
| 336 |
_2rdacontent _atexto _btxt |
||
| 337 |
_2rdamedia _asin mediación _bn |
||
| 338 |
_2rdacarrier _avolumen _bnc |
||
| 505 |
_gParte I: _tExégesis: _aPara comprender Rom 3,24-26 -- El culto en la vida cotidiana del mundo -- Puntos fundamentales para la Interpretación de Rom 13 -- Una variación paulina del "amor fati" -- análisis crítico de Flp 2,5-11 -- La fórmula neotestamentaria de una parénesis de ordenación. _gParte II: _tTeología bíblica: _aProblemas neotestamentarios actuales -- El problema del Jesús histórico -- Los comienzos de la teología cristiana -- Sobre el tema de la apocalíptica cristiana primitiva -- Un derecho sagrado en el Nuevo Testamento -- La justicia y el precatolicismo. |
||
| 563 | _aRústico | ||
| 653 | _aEnsayos exegéticos | ||
| 700 |
_aFernández, Ramón, _910801 _etraductor |
||
| 942 | _cBK | ||
| 945 | _aJTF-925 | ||
| 999 |
_c32965 _d32965 |
||